00697cam a22002171 4500001001300000003000400013005001700017008004100034010001700075035002000092040001800112042001200130050001700142111007700159240011900236245003400355260004100389300001800430650001400448999001700462sa 65010206 DLC20260227112207.0890107s1961 io 100 0 ind  asa 65010206  a(OCoLC)23554336 aDLCcMiUdDLC apremarc00aHX404b.C6162 aConference of Communist and Workers' Parties of the Socialist Countries.00aPbrashchenie k narodam vsego mira. Programmnye dokumenty borʹby za mir, demokratii͡u i st͡sialism.lIndonesian.10aSeruan kepada rakjat sedunia. aDjakarta,bJajasan Pembaruan,c1961. a18 p.c14 cm. 0aCommunism c66622d66622